| 000 | 01158nam a22003851 4500 | ||
|---|---|---|---|
| 001 | 005668 | ||
| 003 | DO-SdBNP | ||
| 005 | 20171109090705.0 | ||
| 007 | 005668 | ||
| 008 | 900725s1974 sp spa | ||
| 016 | 7 |
_a _z _2BPMSU |
|
| 017 |
_a _b |
||
| 020 | _a8403129971 | ||
| 035 | _a | ||
| 040 |
_aBPMSU _bspa _cBPMSU |
||
| 080 | 0 | _a | |
| 080 | 0 | _a | |
| 082 | 4 |
_a324.246 _bA792p |
|
| 100 | 1 |
_aArtola, Miguel _d1923- |
|
| 245 | 1 | 0 |
_aPartidos y programas políticos, 1808-1936 / _h _cMiguel Artola |
| 260 | 0 |
_aMadrid : _bAguilar, _c1974 |
|
| 300 |
_a2 v. _c25 cm |
||
| 490 | 1 | _aCultural e historia | |
| 500 | _a Incluye referencias bibliográficas y notas al pie de las páginas | ||
| 500 | _aLa biblioteca posee el v.1 | ||
| 505 | 0 |
_gv. 1 : _t Los partidos políticos _a |
|
| 505 | 0 |
_gv. 2 : _t Manifiestos y programas _a |
|
| 650 | 4 |
_aPARTIDOS POLÍTICOS _zESPAÑA _xHISTORIA |
|
| 651 | 4 |
_aESPAÑA _xPOLÍTICA Y GOBIERNO |
|
| 830 | _a Cultural e Historia | ||
| 910 | _aValidado. Control de calidad MFF | ||
| 942 |
_2ddc _cBK |
||
| 945 | _aInventariado, 2017/MFF | ||
| 956 |
_aVMATEO _b10 _c20160905 _dBPMSU _f0069 |
||
| 999 |
_c11324 _d11324 |
||